000 00712nam a22002057a 4500
003 UA-OsUOA
001 36411
007 ta
008 20060919b un ||||| |||| 00| 0 ukr d
090 _a050
942 _cMG
040 _aUA-OsUOA
_bukr
_cUA-OsUOA
_dUA-OsUOA
245 _aЛікарський вісник.
_bЖурнал Українського Лікарського товариства Північної Америки
300 _a74 с.
955 _a1
041 _aukr
080 _a050
650 7 _a050 Серійні публікації. Періодика галузі, Організація та інші типи поєднання (співробітництва)
_2UDC
999 _c434945
_d434945